• 首页
  • 本馆介绍
  • 公告通知
  • 最新文献
  • 馆藏检索
  • 电子资源
  • 读者导购
  • 参考咨询
  • 我的图书馆
  • 登录
  • 详细信息显示
  • 放入我的书架
  • 预约/预借图书
  • 作者相关作品
  • 分类相关作品
  • 丛书相关作品
  • 出版社相关作品

书目信息

  • 表格格式
  • 工作单格式
  • 卡片格式
题名:
玉海
    
 
作者: 王应麟 辑
分册: 一○一  
出版信息: 江苏   广陵古籍刻印社  1985
页数: 全一册
开本: 18*13cm
丛书名:
单 册:
中图分类: Z222
科图分类:
主题词: 百科全书--中国
电子资源:
ISBN:
000 00902nam0 2200241 450
001 0654567765
005 20061023090237.28
010    @b线装@dCNY541.00(全套)
100    @a20061020d1985 km y0chiy0120 ea
101 0  @achi
200 1  @a玉海@h一○一@Ayu hai@f(宋)王应麟辑@F(song)wang ying lin ji
205    @a影印本
210    @a江苏@c广陵古籍刻印社@d1985
215    @a全一册@d18*13cm
300    @a附词学指南四卷,后附(清)张大昌辑王应麟年谱一册
300    @a第一○○册至第一○八册为一函,共15函140册二百卷
300    @a坿刻十三种:诗攷 诗地理攷 汉艺文志攷 通鉴地理通释 践阼篇集解 急就篇补注 王会篇补注 汉制攷 小学绀珠 姓氏急就篇 六经天文编 周易关康成注 通鉴荅问
305    @a本书由清光绪九年(1883)浙江书局重锓,江苏广陵古籍刻印社1985年11月影印,线装
606 0  @a百科全书@x中国
690    @aZ222@v3
701  0 @a王应麟@Awang ying lin@4辑
801  0 @aCN@bPFT@c20061023
905    @a10447@dZ222@e1:101
    
    玉海.一○一/(宋)王应麟辑.-影印本.-江苏:广陵古籍刻印社,1985
    全一册;18*13cm
    附词学指南四卷,后附(清)张大昌辑王应麟年谱一册.-第一○○册至第一○八册为一函,共15函140册二百卷.-坿刻十三种:诗攷 诗地理攷 汉艺文志攷 通鉴地理通释 践阼篇集解 急就篇补注 王会篇补注 汉制攷 小学绀珠 姓氏急就篇 六经天文编 周易关康成注 通鉴荅问
    
    ISBN (线装):CNY541.00(全套)
    
●
相关链接 在E读中查询图书 在五车中查询图书 在当当中查询图书 在豆瓣中查询图书


正题名:玉海     索取号:Z222/1:101         预约/预借

序号 登录号 条形码 馆藏地/架位号 状态 备注
1 0221964   202417072   古籍典藏专区/ [索取号:Z222/1:101] 在馆    
唐山师范学院图书馆 欢迎您!
大连网信软件有限公司© 版权所有